00885pam a2200253 a 4500999001500000001000500015003000900020005001700029008004100046020001500087040002800102050002300130082001600153100002000169245011700189250001200306260005100318300004800369504005100417650001500468700002200483942001200505952011400517 c4717d47173869BD-DhUAP20201117151727.0201117s1997 iaua b 001 0 eng  a0801665582 aDLCcDLCdBD-DhUAPbeng00aQD31.2b.S468 199700a540 SEV2231 aSevenair, John.10aIntroductory chemistry :binvestigating the molecular nature of matter /cJohn P. Sevenair and Allan R. Burkett. a1st ed. aDubuque, IA :bWm.C. Brown Publishers,cc1997. axxiii, 788 pages :billustrations ;c26 cm. aIncludes bibliographical references and index. 0aChemistry.1 aBurkett, Allan R. 2ddccBK 00102ddc4070aUAPCLbUAPCLcGeneral Stacksd2020-11-17o540 SEVp3010003869r2020-11-17t1w2020-11-17yBK